| 000 | 00672nam a2200241Ia 4500 | ||
|---|---|---|---|
| 003 | OSt | ||
| 005 | 20220926022836.0 | ||
| 006 | a|||||r|||| 00| 0 | ||
| 007 | ta | ||
| 008 | 220923b |||||||| |||| 00| 0 eng d | ||
| 020 | _a039471802X | ||
| 037 | _cGeneral Book | ||
| 040 |
_aRTL _cRTL _beng |
||
| 041 |
_2eng _aeng |
||
| 082 | _aU:(G:5), L1 | ||
| 100 |
_aFalf Richard A _9328314 |
||
| 245 | 0 | _aThis endangered planet | |
| 260 |
_aNew York _bVintage Books U S A _c1971 |
||
| 300 |
_axiii,495p. Bib p. 474-83,Appendix p. 449-86 _ccm. |
||
| 650 | _aGeography-Modern | ||
| 942 |
_hU:(G:5), L1 _cGB _2CC |
||
| 999 |
_c640402 _d640402 |
||